000 00410 a2200157 4500
999 _c12679
_d12679
003 OSt
005 20240713150605.0
008 240713b ||||| |||| 00| 0 eng d
020 _a‎ 9783035617726
082 _a729.1
100 _a Andrew Watts
245 _aModern Construction Case Studies: Emerging Innovation in Building Techniques
260 _b Birkhäuser
_c2019
300 _a223p;
942 _2ddc